书目信息 |
| 题名: |
企业人力资源管理导论
|
|
| 作者: | 秦志华 著 | |
| 分册: | ||
| 出版信息: | 北京 清华大学出版社 2014 |
|
| 页数: | 354页 | |
| 开本: | 25cm | |
| 丛书名: | 企业人力资源管理工作阶梯丛书 | |
| 单 册: | ||
| 中图分类: | F272.92 | |
| 科图分类: | ||
| 主题词: | 企业管理--人力资源管理--研究 , 企业管理 , 人力资源管理 | |
| 电子资源: | ||
| ISBN: | 978-7-302-34324-0 | |
| 000 | 00886nam0 2200277 450 | |
| 001 | 523 | |
| 005 | 20140909091918.34 | |
| 010 | @a978-7-302-34324-0@dCNY45.00 | |
| 100 | @a20140327d2014 em y0chiy50 ea | |
| 101 | 0 | @achi |
| 102 | @aCN@b110000 | |
| 105 | @ay z 000yy | |
| 106 | @ar | |
| 200 | 1 | @a企业人力资源管理导论@f秦志华著 |
| 210 | @a北京@c清华大学出版社@d2014 | |
| 215 | @a354页@d25cm | |
| 225 | 2 | @a企业人力资源管理工作阶梯丛书 |
| 330 | @a本书探讨了企业人力资源管理的目标与途径、规律与方法。主要内容包括:概论、人力资源、企业用工、人力规划、职位分析、人员甄选、绩效考评、薪资报酬和职业发展等。 | |
| 410 | 0 | @12001 @a企业人力资源管理工作阶梯丛书 |
| 606 | 0 | @a企业管理@x人力资源管理@x研究 |
| 606 | 0 | @a企业管理 |
| 606 | 0 | @a人力资源管理 |
| 690 | @aF272.92@v5 | |
| 701 | 0 | @a秦志华@4著 |
| 801 | 0 | @aCN@bTANGWEI@c20140603 |
| 905 | @b0842576-78@dF272.92@e1044@f3 | |
| 企业人力资源管理导论/秦志华著.-北京:清华大学出版社,2014 |
| 354页;25cm.-(企业人力资源管理工作阶梯丛书) |
| ISBN 978-7-302-34324-0:CNY45.00 |
| 本书探讨了企业人力资源管理的目标与途径、规律与方法。主要内容包括:概论、人力资源、企业用工、人力规划、职位分析、人员甄选、绩效考评、薪资报酬和职业发展等。 |
| ● |
| 相关链接 |
|
|
|
|
正题名:企业人力资源管理导论
索取号:F272.92/1044
 
预约/预借
| 序号 | 登录号 | 条形码 | 馆藏地/架位号 | 状态 | 备注 |
| 1 | 0842576 | 208425765 | 第一样本阅览室/ [索取号:F272.92/1044] | 在馆 | |
| 2 | 0842577 | 208425774 | 密集书库-海洋学院/ [索取号:F272.92/1044] | 在馆 | |
| 3 | 0842578 | 208425783 | 第一借阅区/ [索取号:F272.92/1044] | 在馆 |